Normal view
MARC view
- Bravi, Soledad,
Entry Nombre Personal
001 - NUMERO DE CONTROL
- campo de control: 43145
003 - IDENTIFICADOR DE NUMERO DE CONTROL
- campo de control: UPN
005 - FECHA Y HORA DE LA ÜLTIMA TRANSACCIÓN
- campo de control: 20210219194627.0
008 - DATOS DE LONGITUD FIJA
- campo de control de longitud fija: nabaccnnaabn|||||||||| b |nc|||||d
035 ## - NUMERO DE CONTROL
- Número de control: UPN11000015252
040 ## - FUENTE DE CATALOGACIÓN
- Lenguaje de catalogación: SPA
- Agencia de transcripción: UPN
100 1# - ENCABEZAMIENTO - NOMBRE PERSONAL
- Nombre personal: Bravi, Soledad,
- Fechas asociadas con el nombre: 1965-
670 ## - FUENTE EN LA QUE SE LOCALIZARON DATOS
- Cita de la fuente: T
- Uniform Resource Identifier: http://www.oceano.mx/autores/bravi-soledad-2853.aspx
680 ## - NOTA PUBLICA DE ACCESO PÚBLICO
- Frase explicativa de la referencia: Autora e ilustradora de muchos libros. Dibuja para la revista francesa Elle
902 ## - CATALOGADOR
- Catalogador: EMR/281119
